Study on Challenges Related to GST Registered Traders while Filing GST Return (Record no. 365793)

MARC details
000 -LEADER
fixed length control field 00444nam a22001457a 4500
005 - DATE AND TIME OF LATEST TRANSACTION
control field 20250327124242.0
008 - FIXED-LENGTH DATA ELEMENTS--GENERAL INFORMATION
fixed length control field 250327b |||||||| |||| 00| 0 eng d
041 ## - LANGUAGE CODE
Language code of text/sound track or separate title ENG
082 ## - DEWEY DECIMAL CLASSIFICATION NUMBER
Classification number RAU
100 ## - MAIN ENTRY--PERSONAL NAME
Author Raut Ahilya- 2K231121 & Prof. Ranjana Gogate – Guide
245 ## - TITLE STATEMENT
Title Study on Challenges Related to GST Registered Traders while Filing GST Return
260 ## - PUBLICATION, DISTRIBUTION, ETC.
Place of publication, distribution, etc. Pune
Name of publisher, distributor, etc. SPPU
Date of publication, distribution, etc. December 2024
300 ## - PHYSICAL DESCRIPTION
Extent 50
942 ## - ADDED ENTRY ELEMENTS (KOHA)
Koha item type Project Reports
Holdings
Withdrawn status Lost status Source of classification or shelving scheme Damaged status Not for loan Home library Current library Date acquired Vendor Total Checkouts Full call number Barcode Date last seen Bill Date Koha item type Original Barcode
    Dewey Decimal Classification   Available Smt. Hiraben Nanavati Institute of Management & Research for Women Smt. Hiraben Nanavati Institute of Management & Research for Women 27/03/2025 HNIMR   RAU HIMR-PR-840 27/03/2025 27/03/2025 Project Reports PR0840